mysqli: Table './ulib62015/stat_globaluid' is marked as crashed and should be repaired
select id from stat_globaluid where statuid='20260517205328_4606'
mysqli: Table './ulib62015/stat_globaluid' is marked as crashed and should be repaired
DELETE FROM stat_globaluid
WHERE id NOT IN (
SELECT id
FROM (
SELECT id
FROM stat_globaluid
ORDER BY id DESC
LIMIT 100
) foo
);
mysqli: Table './ulib62015/stat_globaluid' is marked as crashed and should be repaired
insert into stat_globaluid set
statuid='20260517205328_4606',
dt='1779026008',
phpself='/ULIB62015/dublinfull.php',
agent='Mozilla/5.0 AppleWebKit/537.36 (KHTML, like Gecko; compatible; ClaudeBot/1.0; +claudebot@anthropic.com)',
yea='2026',
mon='5',
dat='17',
ip='216.73.216.45'
mysqli: Table './ulib62015/stathist_viewbib_bib_type' is marked as crashed and should be repaired
insert into stathist_viewbib_bib_type set
dat='17' ,
mon='05' ,
yea='2026' ,
statuid='20260517205328_4606' ,
head='13399108031' ,
foot='marc' ,
dt='1779026008'
| LEADER : 00000nam 2200000uu 4500 |
| 001 13399108031 |
| 003 ULIB |
| 008 110624s||||||||th 000 0 tha d |
| 020 9749462637
|
| 050 4 TR267^bค762
|
| 100 1 Kelby, Scott
|
| 245 10 เคล็ด (ไม่) ลับ ถ่ายภาพสวยด้วยกล้องดิจิตัล =^bThe Digitalphotography book /^cScott Kelby ;[แปลและเรียบเรียง นาทนิภาวารีเวช]
|
| 246 13 The Digital photography book
|
| 246 14 The Digital photography bookเคล็ด(ไม่)ลับถ่ายภาพสวยด้วยกล้องดิจิตัล
|
| 250 พิมพ์ครั้งที่ 1
|
| 260 กรุงเทพฯ :^bฟิวเจอร์เกมเมอร์,^c2550
|
| 300 xiii, 218 หน้า :^bภาพประกอบ
|
| 650 7 การถ่ายภาพ^xเทคนิคดิจิตอล
|
| 650 7 กล้องถ่ายรูปดิจิตอล
|
| 700 0 นาทนิภา วารีเวช,^eผู้แปล
|
| 945 ^p250^l0^i015475
|
| 945 ^p0^l0^i015476
|
| 945 ^p0^l0^i015477
|
| 945 ^p0^l0^i015478 |
| 999 ^aใช้งานได้ทุกระบบ
|
| คุณยังไม่ได้ล็อกอิน คุณสามารถมีกิจกรรมร่วมกับเว็บไซต์ได้ แต่ต้องล็อกอินก่อน :: |
|
|
|
รายการใกล้เคียง
หัวเรื่อง [กล้องถ่ายรูปดิจิตอล]
|
|
ยังไม่เคยถูกคอมเมนท์
|
| คอมเมนท์ทรัพยากรรายการนี้ |
|